000 00612nam a2200241Ia 4500
003 OSt
005 20221007100900.0
006 a|||||r|||| 00| 0
007 ta
008 221006b |||||||| |||| 00| 0 eng d
024 _a5,360
037 _cTextual
040 _aLCO
_cLCO
_beng
041 _2eng
_aeng
082 _aZ2,75,5, K8
100 _aRAGAGOPALAN S
_9702231
245 0 _aFamous murder trials
260 _aBombay
_bN.M.Tripathi
_c1968
300 _a404
650 _aMURDER TRIALS
_9702232
942 _hZ2,75,5, K8
_cTEXL
999 _c1174923
_d1174923